000 00500cam a2200205ua 4500
020 _c2.50
041 _aeng
_h
082 _a591
_bANA/PR
100 _aAnanthanarayanan, V .
245 _aPre university zoology /
_cV Ananthanarayanan.
_hTextual Documents
260 _aChennai :
_bS.Viswanathan ,
_c1958.
300 _a144 ; .
365 _a2.50
504 _a
700 1 _aParameswaran, R .
942 _cBK
999 _c9268
_d9268